Factbook of Indian Culture/ (Record no. 208725)

MARC details
000 -LEADER
fixed length control field 00684nam a22001937a 4500
005 - DATE AND TIME OF LATEST TRANSACTION
control field 20250127123931.0
010 ## - LCCN (DPL NO)
LC control number BACEN25
020 ## - INTERNATIONAL STANDARD BOOK NUMBER
International Standard Book Number 9789355017031
Terms of availability 225.00
037 ## - SOURCE OF ACQUISITION
Source of stock number/acquisition S. Chand
082 ## - DEWEY DECIMAL CLASSIFICATION NUMBER
Classification number 709.54
100 ## - MAIN ENTRY--PERSONAL NAME
Personal name Pavneet Singh
245 ## - TITLE STATEMENT
Title Factbook of Indian Culture/
Statement of responsibility, etc By Pavneet Singh
250 ## - EDITION STATEMENT
Edition statement 1
260 ## - PUBLICATION, DISTRIBUTION, ETC. (IMPRINT)
Place of publication, distribution, etc New Delhi
Name of publisher, distributor, etc S Chand and Company Limited
Date of publication, distribution, etc 2023
270 ## - ADDRESS
Address A-27, 2nd Floor, Mohan Co-operative Industrial Estate
City New Delhi
Postal code 110044
Electronic mail address info@schandpublishing.com
Telephone number 011-49731800
300 ## - PHYSICAL DESCRIPTION
Extent x,181p.
Dimensions 23cm(pb)
500 ## - GENERAL NOTE
General note For UPSC Civil Services Preliminary and Other State PSC Examinations/
942 ## - ADDED ENTRY ELEMENTS (KOHA)
Source of classification or shelving scheme Dewey Decimal Classification
Item type English Books
Classification part 709.54
Call number suffix PAV

No items available.


© Delhi Public Library
Hit Counter
free hit counter